书目信息 |
| 题名: |
水彩
|
|
| 作者: | ;上海人民美术出版社 编辑 | |
| 分册: | 第三辑 | |
| 出版信息: | 上海 上海人民美术出版社 1984 |
|
| 页数: | 1册 | |
| 开本: | 26cm | |
| 丛书名: | ||
| 单 册: | ||
| 中图分类: | J225 | |
| 科图分类: | ||
| 主题词: | 水彩画--中国--现代--画册 | |
| 电子资源: | ||
| ISBN: | ||
| 000 | 00608nam0 2200217 45 | |
| 001 | 0185016536 | |
| 005 | 20060818154134.21 | |
| 010 | @dCNY2.00 | |
| 100 | @a19951102d1984 em y0chiy0121 ea | |
| 101 | 0 | @achi |
| 102 | @aCN@b310000 | |
| 105 | @aa z 000yy | |
| 200 | 10 | @a水彩@h第三辑@Ashui cai@f上海人民美术出版社编辑 |
| 210 | @a上海@c上海人民美术出版社@d1984 | |
| 215 | @a1册@d26cm | |
| 606 | @a水彩画@y中国@z现代@x画册 | |
| 690 | @aJ225@v3 | |
| 711 | 02 | @a上海人民美术出版社@4编辑@Ashang hai ren min mei shu chu ban she |
| 801 | 2 | @aCN@bNLC@c20060818 |
| 801 | 0 | @aCN@bTSSF |
| 905 | @a10447@dJ225@e166:2 | |
| 水彩.第三辑/上海人民美术出版社编辑.-上海:上海人民美术出版社,1984 |
| 1册;26cm |
| ISBN :CNY2.00 |
| ● |
| 相关链接 |
|
|
|
|
正题名:水彩
索取号:J225/166:2
 
预约/预借
| 序号 | 登录号 | 条形码 | 馆藏地/架位号 | 状态 | 备注 |
| 1 | 0466594 | 204665941 | 密集书库/ [索取号:J225/166:2] | 在馆 | |
| 2 | 0466595 | 204665950 | 密集书库/ [索取号:J225/166:2] | 在馆 |